[Event "CAN-op"]
[Site "Scarborough CAN"]
[Date "1988.07.20"]
[Round "7"]
[White "Bailey, Doug"]
[Black "Vranesic, Zvonko"]
[Result "1-0"]
[WhiteElo "2422"]
[BlackElo "2359"]
[PlyCount "93"]
[GameId "2160767912520590"]
[EventDate "1988.07.15"]
[EventType "swiss"]
[EventRounds "10"]
[EventCountry "CAN"]
[SourceTitle "CFC 1988.10"]

1. e4 c6 2. d4 d5 3. Nc3 dxe4 4. Nxe4 Nf6 5. Nxf6+ gxf6 6. Nf3 Bg4 7. Be2 e6 8. Be3 Nd7 9. Qd2 Qc7 10. O-O-O O-O-O 11. Kb1 Nb6 12. c4 Bxf3 13. gxf3 Kb8 14. Qc1 c5 15. f4 f5 16. Bf3 Bd6 17. d5 Rhg8 18. Rd3 Rg6 19. b3 Nd7 20. Bh5 Rg7 21. Bxf7 e5 22. Be6 exf4 23. Bd2 Rg2 24. Bxd7 Rxd7 25. Rf3 Rg4 26. h3 Rh4 27. Rg1 a6 28. Rg8+ Ka7 29. Qg1 Rh5 30. Rg5 Rxg5 31. Qxg5 Rg7 32. Qxf5 Rg1+ 33. Kc2 Qg7 34. Bc3 Qg2 35. Qd3 Rh1 36. Kb2 Qg1 37. Ka3 b5 38. Qxh7+ Kb6 39. Qd7 Qc1+ 40. Bb2 b4+ 41. Ka4 Qxb2 42. Qxd6+ Kb7 43. Qc6+ Kb8 44. Qb6+ Kc8 45. Qxc5+ Kd8 46. Qd6+ Ke8 47. Ka5 1-0

[Event "CAN-op"]
[Site "Scarborough CAN"]
[Date "1988.07.20"]
[Round "7"]
[White "Krauss, George"]
[Black "Pacey, Kevin"]
[Result "0-1"]
[WhiteElo "2128"]
[BlackElo "2298"]
[PlyCount "78"]
[GameId "2160767912520592"]
[EventDate "1988.07.15"]
[EventType "swiss"]
[EventRounds "10"]
[EventCountry "CAN"]
[SourceTitle "EXT 2022"]
[Source "ChessBase"]
[SourceDate "2021.10.06"]
[SourceVersion "1"]
[SourceVersionDate "2021.10.06"]
[SourceQuality "1"]

1. e4 d6 2. d4 Nf6 3. Nc3 g6 4. f4 Bg7 5. Nf3 O-O 6. Be3 b6 7. Qd2 Bb7 8. e5 Ng4 9. Bg1 c5 10. O-O-O cxd4 11. Bxd4 Nc6 12. e6 f6 13. h3 Nh6 14. Bc4 Nxd4 15. Nxd4 f5 16. Bd5 Qc8 17. Rhe1 Bxd5 18. Nxd5 Qb7 19. Nf3 Rac8 20. Ng5 Rfe8 21. Qe2 Rc5 22. Qf3 Qa6 23. a3 Qc4 24. Qd3 Qa2 25. c3 b5 26. Nb4 Qb3 27. Nd5 a5 28. Re2 b4 29. axb4 axb4 30. Rc2 bxc3 31. bxc3 Qb7 32. c4 Ra5 33. Kd2 Rea8 34. Ke2 Ra3 35. Qd2 R8a7 36. Kf1 Qb3 37. Qe2 Ra1 38. Kg1 Rxd1+ 39. Qxd1 Ra1 0-1

[Event "CAN-op"]
[Site "Scarborough CAN"]
[Date "1988.07.20"]
[Round "8"]
[White "Begoray, David"]
[Black "Veltmann, Martin"]
[Result "1-0"]
[WhiteElo "1863"]
[BlackElo "2004"]
[PlyCount "119"]
[GameId "2160767912520593"]
[EventDate "1988.07.15"]
[EventType "swiss"]
[EventRounds "10"]
[EventCountry "CAN"]
[SourceTitle "mv"]

1. d4 Nf6 2. Nf3 g6 3. c4 Bg7 4. Nc3 O-O 5. e4 d6 6. Be2 e5 7. O-O Nc6 8. d5 Ne7 9. Ne1 Nd7 10. Nd3 f5 11. f3 Nf6 12. Bd2 f4 13. c5 g5 14. cxd6 cxd6 15. h3 h5 16. Nf2 Ng6 17. Rc1 Rf7 18. Qc2 a6 19. a4 Bf8 20. b4 g4 21. fxg4 hxg4 22. hxg4 Rg7 23. a5 Nh4 24. Qd1 Nxg2 25. Kxg2 Nxg4 26. Nxg4 Bxg4 27. Bxg4 Qh4 28. Rg1 Rxg4+ 29. Qxg4+ Qxg4+ 30. Kf2 Qxg1+ 31. Rxg1+ Kf7 32. Ke2 Be7 33. Be1 Rh8 34. Kd3 Rh3+ 35. Kc4 Re3 36. Bf2 Rh3 37. Be1 Bd8 38. Bf2 Rh2 39. Be1 b6 40. axb6 Bxb6 41. Rg5 Rh1 42. Rf5+ Kg6 43. Bd2 Rh5 44. Rf8 Kg5 45. b5 axb5+ 46. Nxb5 Bc5 47. Bb4 Bxb4 48. Kxb4 Rh6 49. Kc4 Kg4 50. Nc3 Kf3 51. Kd3 Kf2 52. Re8 Ke1 53. Re6 Rh3+ 54. Kc4 f3 55. Rxd6 Rh4 56. Ra6 f2 57. Ra1+ Kd2 58. Rf1 Rf4 59. d6 Rf3 60. Rd1+ 1-0

[Event "CAN-op"]
[Site "Scarborough CAN"]
[Date "1988.07.21"]
[Round "8"]
[White "Nickoloff, Bryon"]
[Black "Bailey, Doug"]
[Result "1-0"]
[WhiteElo "2439"]
[BlackElo "2422"]
[PlyCount "91"]
[GameId "2160767912520595"]
[EventDate "1988.07.15"]
[EventType "swiss"]
[EventRounds "10"]
[EventCountry "CAN"]
[SourceTitle "EXT 2022"]
[Source "ChessBase"]
[SourceDate "2021.10.06"]
[SourceVersion "1"]
[SourceVersionDate "2021.10.06"]
[SourceQuality "1"]

1. d4 Nf6 2. c4 g6 3. Nc3 d5 4. cxd5 Nxd5 5. e4 Nxc3 6. bxc3 Bg7 7. Bc4 O-O 8. Ne2 c5 9. Be3 Nc6 10. O-O Qc7 11. Rc1 Rd8 12. Qd2 Ne5 13. Bb3 Ng4 14. Bf4 e5 15. Bg3 Qe7 16. f3 c4 17. Bxc4 Bh6 18. f4 Be6 19. Bxe6 Qxe6 20. Bh4 Rd7 21. h3 Nf6 22. f5 Bxd2 23. fxe6 Bxc1 24. Rxc1 fxe6 25. Bxf6 exd4 26. cxd4 Rf8 27. Be5 Rdf7 28. Bg3 b5 29. d5 exd5 30. exd5 a5 31. Nd4 b4 32. Nc6 Re8 33. Rc2 Re3 34. Kh2 Rd3 35. Ne5 Rxd5 36. Nxf7 Kxf7 37. Rc7+ Ke6 38. Ra7 h5 39. Bc7 Rd7 40. Ra6+ Kd5 41. Bxa5 Kc4 42. Rxg6 Ra7 43. Rg5 Rd7 44. Rxh5 Rd4 45. Rg5 Kc3 46. a3 1-0

[Event "CAN-op"]
[Site "Scarborough CAN"]
[Date "1988.07.21"]
[Round "8"]
[White "Pacey, Kevin"]
[Black "Bekefi, Laszlo"]
[Result "1-0"]
[WhiteElo "2298"]
[BlackElo "2200"]
[PlyCount "93"]
[GameId "2160767912520596"]
[EventDate "1988.07.15"]
[EventType "swiss"]
[EventRounds "10"]
[EventCountry "CAN"]
[SourceTitle "EXT 2022"]
[Source "ChessBase"]
[SourceDate "2021.10.06"]
[SourceVersion "1"]
[SourceVersionDate "2021.10.06"]
[SourceQuality "1"]

1. e4 c5 2. Nf3 Nc6 3. Bb5 g6 4. O-O Bg7 5. Re1 Nf6 6. c3 O-O 7. d4 cxd4 8. cxd4 d5 9. e5 Ne4 10. Nc3 Nxc3 11. bxc3 Na5 12. Bf4 a6 13. Bd3 Bd7 14. Qd2 Qc8 15. Bh6 Bf5 16. Bf1 Qd7 17. Bxg7 Kxg7 18. Nh4 Be6 19. f4 Rac8 20. Bd3 Nc4 21. Qf2 f5 22. exf6+ Rxf6 23. Rf1 Nd6 24. Qe1 Rcf8 25. Qe5 Nf7 26. Qe3 Qc7 27. f5 Bxf5 28. Bxf5 g5 29. Bxh7 gxh4 30. Bf5 Rh8 31. Be6 Rh5 32. Bxf7 Kxf7 33. Rxf6+ exf6 34. Qf3 Rg5 35. Rf1 Qd6 36. Qh3 Rh5 37. Re1 Qc6 38. Qf3 Rg5 39. Qd3 Rg7 40. Qh3 b5 41. Qxh4 Qxc3 42. Qh5+ Rg6 43. Qxd5+ Kg7 44. Qe4 Qd2 45. h4 Qxa2 46. d5 Qa3 47. Qe8 1-0

[Event "CAN-op"]
[Site "Scarborough CAN"]
[Date "1988.07.21"]
[Round "9"]
[White "Veltmann, Martin"]
[Black "Nagy, Julius"]
[Result "1/2-1/2"]
[WhiteElo "2004"]
[BlackElo "1835"]
[PlyCount "117"]
[GameId "2160767912520597"]
[EventDate "1988.07.15"]
[EventType "swiss"]
[EventRounds "10"]
[EventCountry "CAN"]
[SourceTitle "mv"]

1. e4 g6 2. d4 Bg7 3. c4 d6 4. Nc3 c5 5. d5 e5 6. g4 a6 7. Be3 Bh6 8. Qd2 Bxe3 9. Qxe3 Qh4 10. g5 h6 11. Nf3 Qh5 12. Be2 Bg4 13. Rg1 Bxf3 14. Bxf3 Qh3 15. O-O-O hxg5 16. Rxg5 Nf6 17. Rdg1 Nbd7 18. Qe2 Qxh2 19. Kc2 Qf4 20. Bg4 Ke7 21. Bxd7 Kxd7 22. R5g3 Ke7 23. Qd2 Rh4 24. Qxf4 Rxf4 25. f3 Rh8 26. Ne2 Rh2 27. Kd3 Rfh4 28. a3 Nh5 29. R3g2 Rxg2 30. Rxg2 Nf4+ 31. Nxf4 Rxf4 32. Ke3 Rh4 33. b4 cxb4 34. axb4 Rh1 35. Rb2 Ra1 36. Rb3 f5 37. exf5 gxf5 38. c5 f4+ 39. Ke4 Re1+ 40. Kf5 Re3 41. Rb2 Rxf3 42. b5 axb5 43. Rxb5 dxc5 44. Kxe5 Rf1 45. Rxb7+ Kd8 46. Kd6 Kc8 47. Rc7+ Kd8 48. Rxc5 Rd1 49. Ra5 Kc8 50. Ra8+ Kb7 51. Rf8 Rf1 52. Kd7 f3 53. d6 f2 54. Rf3 Kb6 55. Kd8 Kc6 56. d7 Kb7 57. Rf6 Ka7 58. Rf3 Kb7 59. Rf6 1/2-1/2

[Event "CAN-op"]
[Site "Scarborough CAN"]
[Date "1988.07.22"]
[Round "9"]
[White "Bailey, Doug"]
[Black "Day, Lawrence"]
[Result "0-1"]
[WhiteElo "2419"]
[BlackElo "2422"]
[PlyCount "102"]
[GameId "2160767912520598"]
[EventDate "1988.07.15"]
[EventType "swiss"]
[EventRounds "10"]
[EventCountry "CAN"]
[SourceTitle "EXT 2022"]
[Source "ChessBase"]
[SourceDate "2021.10.06"]
[SourceVersion "1"]
[SourceVersionDate "2021.10.06"]
[SourceQuality "1"]

1. e4 e5 2. Nf3 Nc6 3. Bb5 Qe7 4. Nc3 Nd8 5. d4 f6 6. dxe5 fxe5 7. Bg5 Qc5 8. Bxd8 Kxd8 9. Ng5 Qe7 10. Qh5 Nf6 11. Qh4 c6 12. Bc4 Kc7 13. Nf7 Rg8 14. Qg3 b5 15. Bb3 b4 16. Na4 Nxe4 17. Qxe5+ Qxe5 18. Nxe5 d5 19. Rd1 Bb7 20. O-O Re8 21. f4 g6 22. c4 bxc3 23. bxc3 Nc5 24. Nxc5 Bxc5+ 25. Kh1 Rgf8 26. c4 d4 27. Nd3 Kd6 28. Rfe1 Bb6 29. Ba4 Ba5 30. Re5 Bc3 31. Rb1 Bc8 32. g4 Rxe5 33. fxe5+ Kc7 34. h3 Rf3 35. Nc5 Rxh3+ 36. Kg2 Re3 37. e6 Kd6 38. Rb8 Kxc5 39. Rxc8 Rxe6 40. Rc7 h6 41. Rxa7 Re2+ 42. Kf3 Rxa2 43. Ra6 Kb4 44. Bb5 Rxa6 45. Bxa6 h5 46. gxh5 gxh5 47. Bb7 Kc5 48. Ke4 h4 49. Bc8 Kxc4 50. Bh3 Ba5 51. Bd7 c5 0-1

[Event "CAN-op"]
[Site "Scarborough CAN"]
[Date "1988.07.22"]
[Round "9"]
[White "Pelts, Roman"]
[Black "Nickoloff, Bryon"]
[Result "1/2-1/2"]
[WhiteElo "2469"]
[BlackElo "2439"]
[PlyCount "60"]
[GameId "2160767912520600"]
[EventDate "1988.07.15"]
[EventType "swiss"]
[EventRounds "10"]
[EventCountry "CAN"]
[SourceTitle "EXT 2022"]
[Source "ChessBase"]
[SourceDate "2021.10.06"]
[SourceVersion "1"]
[SourceVersionDate "2021.10.06"]
[SourceQuality "1"]

1. d4 Nf6 2. c4 g6 3. Nf3 Bg7 4. g3 c6 5. Bg2 d5 6. cxd5 cxd5 7. Ne5 e6 8. Nc3 Nfd7 9. f4 Nb6 10. O-O O-O 11. a4 a5 12. b3 f6 13. Nd3 Nc6 14. Nb5 Rf7 15. Ba3 Bf8 16. Qc1 Nb4 17. Qd2 Nxd3 18. Qxd3 Bxa3 19. Nxa3 Bd7 20. Rfc1 Bc6 21. e3 Nc8 22. Nb5 Nd6 23. Nxd6 Qxd6 24. Qc3 Rc7 25. Bf1 Rcc8 26. Qc5 Qd8 27. Qa3 Qf8 28. Qxf8+ Kxf8 29. Rc5 b6 30. Rc3 Bd7 1/2-1/2

[Event "CAN-op"]
[Site "Scarborough CAN"]
[Date "1988.07.22"]
[Round "9"]
[White "Tyehimba, Bem"]
[Black "Pacey, Kevin"]
[Result "0-1"]
[WhiteElo "2049"]
[BlackElo "2298"]
[PlyCount "96"]
[GameId "2160767912520601"]
[EventDate "1988.07.15"]
[EventType "swiss"]
[EventRounds "10"]
[EventCountry "CAN"]
[SourceTitle "EXT 2022"]
[Source "ChessBase"]
[SourceDate "2021.10.06"]
[SourceVersion "1"]
[SourceVersionDate "2021.10.06"]
[SourceQuality "1"]

1. e4 c5 2. Nf3 d6 3. d4 cxd4 4. Nxd4 Nf6 5. Nc3 g6 6. Be3 Bg7 7. f3 O-O 8. Qd2 Nc6 9. Bc4 Bd7 10. O-O-O Qc7 11. Be2 Ne5 12. g4 Nc4 13. Bxc4 Qxc4 14. h4 b5 15. Kb1 b4 16. Nce2 a5 17. h5 a4 18. Rdg1 Rfc8 19. Nc1 a3 20. b3 Qc3 21. Qxc3 Rxc3 22. Bd2 Nxe4 23. fxe4 Bxd4 24. Bxc3 Bxg1 25. Rxg1 bxc3 26. Ne2 Rc8 27. Rg3 Rc5 28. hxg6 fxg6 29. g5 Re5 30. Nxc3 Bc6 31. Rg4 d5 32. Kc1 d4 33. Ne2 Bd7 34. Rf4 Rxg5 35. Nxd4 Rg1+ 36. Kd2 e5 37. Ne2 Rg2 38. Rf1 Bg4 39. Re1 h5 40. Ke3 h4 41. Nc1 h3 42. Nd3 h2 43. Nf2 Rg1 44. Kd2 Rxe1 45. Kxe1 Bf3 46. b4 Kf8 47. Kd2 Bxe4 48. Kc3 g5 0-1

[Event "CAN-op"]
[Site "Scarborough CAN"]
[Date "1988.07.22"]
[Round "10"]
[White "Veltmann, Martin"]
[Black "Patterson, Roger"]
[Result "1/2-1/2"]
[WhiteElo "2004"]
[BlackElo "2005"]
[PlyCount "25"]
[GameId "2160767912520602"]
[EventDate "1988.07.15"]
[EventType "swiss"]
[EventRounds "10"]
[EventCountry "CAN"]
[SourceTitle "mv"]

1. c4 e6 2. Nc3 d5 3. cxd5 exd5 4. d4 Nf6 5. g3 Be7 6. Bg2 O-O 7. Nf3 b6 8. O-O Bb7 9. Bg5 Nbd7 10. Rc1 Ne4 11. Bf4 Bd6 12. Bxd6 Nxd6 13. Ne5 1/2-1/2

[Event "Carnaval"]
[Site "Quebec CAN"]
[Date "1988.02.??"]
[Round "?"]
[White "Pineault, Denis"]
[Black "Finta, Robert"]
[Result "0-1"]
[WhiteElo "2083"]
[BlackElo "2014"]
[PlyCount "64"]
[GameId "2160767912586984"]
[EventDate "1988.02.??"]
[EventType "swiss"]
[EventRounds "5"]
[EventCountry "CAN"]
[SourceTitle "Echec-o-roi #7"]

1. e4 c5 2. Nf3 Nc6 3. d4 cxd4 4. Nxd4 Nf6 5. Nc3 d6 6. Bc4 e6 7. Be3 a6 8. Qe2 Na5 9. Bd3 e5 10. Nb3 b5 11. Bg5 Be6 12. Bxf6 gxf6 13. Nd5 Bg7 14. Nxa5 Qxa5+ 15. b4 Qa3 16. O-O Bxd5 17. exd5 Qxb4 18. a4 bxa4 19. c4 a3 20. Rab1 Qc3 21. Rb7 O-O 22. Qe4 Rfb8 23. Qxh7+ Kf8 24. Rd7 Rd8 25. Rb7 Rab8 26. Ra7 Qd4 27. Rxf7+ Kxf7 28. Qg6+ Kf8 29. Bf5 a2 30. Be6 Rb7 31. Qh7 Rf7 32. Qh5 Re7 0-1

[Event "Charlevoix ch"]
[Site "Cap-a-l'Aigle CAN"]
[Date "1988.11.12"]
[Round "4"]
[White "Kegle, Richard"]
[Black "Tremblay, Sylvain"]
[Result "0-1"]
[WhiteElo "1375"]
[BlackElo "1609"]
[PlyCount "76"]
[GameId "2160767912583404"]
[EventDate "1988.??.??"]
[EventCountry "CAN"]

1. e4 c5 2. Nf3 e6 3. d4 cxd4 4. Nxd4 a6 5. Nc3 Bb4 6. a3 Bxc3+ 7. bxc3 Nf6 8. Bd3 Nc6 9. O-O Qa5 10. Bd2 d6 11. Kh1 Bd7 12. f4 O-O 13. Nf3 Rac8 14. Qe2 e5 15. f5 Qc7 16. Nh4 Qd8 17. Rf2 Re8 18. Rg1 Na7 19. g4 d5 20. g5 Nxe4 21. Bxe4 dxe4 22. f6 Bc6 23. Qe3 g6 24. Ng2 Nb5 25. Qh3 Qd6 26. Ne3 Nxa3 27. Ng4 e3+ 28. Rfg2 exd2 29. Nh6+ Kf8 30. Nxf7 Kxf7 31. Qxh7+ Ke6 32. Qh3+ Kd5 33. Qd3+ Kc5 34. Qe3+ Kc4 35. Rd1 Nxc2 36. Qe2+ Kxc3 37. Kg1 Bxg2 38. Kxg2 Qd3 0-1

[Event "Confrontation I 1988-89"]
[Site "Longueuil CAN"]
[Date "1988.09.16"]
[Round "1"]
[White "Gagnon, Robert"]
[Black "Charest, Johanne"]
[Result "1-0"]
[WhiteElo "1642"]
[BlackElo "1447"]
[PlyCount "57"]
[GameId "2160767912520321"]
[EventDate "1988.09.16"]
[EventType "swiss"]
[EventRounds "5"]
[EventCountry "CAN"]

1. d4 d5 2. c4 c6 3. Nc3 Nf6 4. Bf4 e6 5. Nf3 Nbd7 6. e3 Bb4 7. Rc1 O-O 8. Bd3 dxc4 9. Bxc4 Re8 10. O-O b6 11. a3 Bf8 12. Bd3 c5 13. Nb5 Nd5 14. Bg5 N5f6 15. Ne5 a6 16. Nc6 axb5 17. Nxd8 Rxd8 18. dxc5 Bxc5 19. Bxb5 Bb7 20. Qe2 Bc8 21. Rfd1 Rf8 22. b4 Be7 23. Bxd7 Bxd7 24. Bxf6 Bxf6 25. Rxd7 Rxa3 26. g3 g6 27. Rd6 Rb8 28. Rcc6 Raa8 29. Qf3 1-0

[Event "Confrontation I 1988-89"]
[Site "Longueuil CAN"]
[Date "1988.09.16"]
[Round "1"]
[White "Morin, Louis"]
[Black "Reiner, Thomas"]
[Result "1-0"]
[WhiteElo "2016"]
[BlackElo "1618"]
[PlyCount "31"]
[GameId "2160767912520322"]
[EventDate "1988.09.16"]
[EventType "swiss"]
[EventRounds "5"]
[EventCountry "CAN"]
[SourceTitle "hb 2013"]

1. e4 c6 2. d4 d5 3. Nc3 dxe4 4. Nxe4 Nf6 5. Nxf6+ gxf6 6. Bf4 Bf5 7. Ne2 h5 8. Ng3 Bg4 9. f3 Be6 10. h4 Nd7 11. c4 Nb6 12. b3 Qd7 13. Qd2 O-O-O 14. d5 cxd5 15. c5 Na8 16. c6 1-0

[Event "Confrontation I 1988-89"]
[Site "Longueuil CAN"]
[Date "1988.09.23"]
[Round "2"]
[White "Bergeron, Marc"]
[Black "Morin, Louis"]
[Result "0-1"]
[WhiteElo "1810"]
[BlackElo "2016"]
[PlyCount "36"]
[GameId "2160767912520323"]
[EventDate "1988.09.16"]
[EventType "swiss"]
[EventRounds "5"]
[EventCountry "CAN"]
[SourceTitle "hb 2013"]

1. e4 e5 2. Nf3 d6 3. d4 Nf6 4. Nc3 Nbd7 5. Bc4 Be7 6. Be3 c6 7. Qe2 O-O 8. O-O-O Qc7 9. Bg5 b5 10. Bb3 exd4 11. Nxd4 Nc5 12. h4 b4 13. Na4 Nxb3+ 14. axb3 Re8 15. Rhe1 Bd7 16. Qd3 Rad8 17. f3 c5 18. Ne2 c4 0-1

[Event "Confrontation I 1988-89"]
[Site "Longueuil CAN"]
[Date "1988.09.23"]
[Round "2"]
[White "Charest, Johanne"]
[Black "Marcotte, Gilles"]
[Result "1-0"]
[WhiteElo "1447"]
[BlackElo "1534"]
[PlyCount "77"]
[GameId "2160767912520324"]
[EventDate "1988.09.16"]
[EventType "swiss"]
[EventRounds "5"]
[EventCountry "CAN"]

1. e4 e5 2. Nf3 d6 3. Bc4 Bg4 4. h3 Bh5 5. c3 Nd7 6. d4 c6 7. Be3 Ngf6 8. Nbd2 Be7 9. Qb3 b5 10. Bd3 O-O 11. g4 Bg6 12. Rg1 Kh8 13. h4 Ng8 14. h5 Qc8 15. hxg6 fxg6 16. Rh1 Ngf6 17. Qd1 a6 18. Bg5 Qb7 19. Qe2 Rae8 20. Qf1 Rf7 21. Qh3 Nf8 22. dxe5 Ng8 23. Be3 c5 24. exd6 Bxd6 25. Ng5 Rxf2 26. Bxf2 c4 27. Bc2 Bf4 28. Nxh7 Nh6 29. Nxf8 Rxf8 30. O-O-O Qe7 31. Be3 g5 32. Rdf1 Qd6 33. Bxf4 Rxf4 34. Rxf4 Qxf4 35. Rf1 Qd6 36. e5 Qe7 37. Qh5 a5 38. Qg6 Qf8 39. Qh7# 1-0

[Event "Confrontation I 1988-89"]
[Site "Longueuil CAN"]
[Date "1988.09.30"]
[Round "3"]
[White "Charest, Johanne"]
[Black "Mongeau, Diane"]
[Result "0-1"]
[WhiteElo "1447"]
[BlackElo "1781"]
[PlyCount "110"]
[GameId "2160767912520325"]
[EventDate "1988.09.16"]
[EventType "swiss"]
[EventRounds "5"]
[EventCountry "CAN"]

1. e4 c6 2. d4 d5 3. e5 Bf5 4. Nf3 e6 5. Bd3 Bxd3 6. Qxd3 Qa5+ 7. c3 Qa6 8. Qxa6 Nxa6 9. Bg5 h6 10. Bh4 g5 11. Bg3 c5 12. a3 Ne7 13. h4 g4 14. Ng1 Nf5 15. Ne2 cxd4 16. cxd4 Be7 17. Nbc3 Rc8 18. h5 Nxg3 19. Nxg3 f6 20. Nge2 fxe5 21. dxe5 Rf8 22. O-O Nc5 23. Nd4 Kd7 24. Rad1 Bg5 25. g3 Bd8 26. Rfe1 Ke7 27. Kg2 Nd7 28. f4 gxf3+ 29. Nxf3 a5 30. Re3 Rf5 31. g4 Rf4 32. Kg3 Rcc4 33. Nb5 Rf8 34. Rd4 Rxd4 35. Nbxd4 Bb6 36. Re2 Rc8 37. Rc2 Rg8 38. Re2 Nxe5 39. Nxe5 Bxd4 40. Ng6+ Kd6 41. b3 e5 42. a4 e4 43. Kf4 Rg7 44. g5 Rf7+ 45. Kg4 hxg5 46. Kxg5 Bf6+ 47. Kg4 Bg7 48. Re3 Bh6 49. Re2 e3 50. Nh4 Ke5 51. Ng2 d4 52. Re1 Ke4 53. Rd1 Rf2 54. Kg3 Rd2 55. Rxd2 exd2 0-1

[Event "Confrontation I 1988-89"]
[Site "Longueuil CAN"]
[Date "1988.09.30"]
[Round "3"]
[White "Morin, Louis"]
[Black "Gagnon, Robert"]
[Result "1/2-1/2"]
[WhiteElo "2016"]
[BlackElo "1662"]
[PlyCount "72"]
[GameId "2160767912520326"]
[EventDate "1988.09.16"]
[EventType "swiss"]
[EventRounds "5"]
[EventCountry "CAN"]
[SourceTitle "hb 2013"]

1. e4 e5 2. Nf3 Nc6 3. Nc3 Nf6 4. Bb5 d6 5. d4 exd4 6. Qxd4 Bd7 7. Bxc6 Bxc6 8. Bg5 Be7 9. O-O-O O-O 10. Kb1 Nd7 11. Qe3 Bxg5 12. Nxg5 a5 13. f4 Qe7 14. h4 Nc5 15. f5 b5 16. Nd5 Bxd5 17. Rxd5 c6 18. f6 Qxf6 19. Rf5 Qh6 20. g4 Rae8 21. Qf3 f6 22. Rf1 a4 23. e5 Nd7 24. Qxc6 Nxe5 25. Qxd6 Nc4 26. Qd5+ Kh8 27. Nf7+ Rxf7 28. Qxf7 Qe3 29. Rd5 a3 30. b3 Qe1+ 31. Rd1 Qe5 32. Qxe8+ Qxe8 33. bxc4 bxc4 34. Rf5 Qb8+ 35. Kc1 Qb2+ 36. Kd2 Kg8 1/2-1/2

[Event "Confrontation I 1988-89"]
[Site "Longueuil CAN"]
[Date "1988.10.07"]
[Round "4"]
[White "Dumoulin, Sylvain"]
[Black "Charest, Johanne"]
[Result "1-0"]
[WhiteElo "1593"]
[BlackElo "1447"]
[PlyCount "98"]
[GameId "2160767912520327"]
[EventDate "1988.09.16"]
[EventType "swiss"]
[EventRounds "5"]
[EventCountry "CAN"]

1. e4 e5 2. Nf3 Nc6 3. Bc4 Be7 4. d4 exd4 5. Nxd4 Ne5 6. Bb3 d6 7. O-O Nf6 8. Nc3 O-O 9. f4 Ng6 10. Nf3 Re8 11. e5 dxe5 12. Qxd8 Bxd8 13. Ng5 Be6 14. Nxe6 fxe6 15. f5 Nf8 16. Bg5 Kh8 17. Rae1 exf5 18. Rxf5 N8d7 19. Bh4 Be7 20. Ne4 Nxe4 21. Rxe4 Bxh4 22. Rxh4 Rf8 23. Rfh5 h6 24. g4 Rad8 25. g5 Nc5 26. gxh6 Rd1+ 27. Kg2 Rd2+ 28. Kg3 gxh6 29. Rxh6+ Kg7 30. Rh7+ Kg6 31. Rxc7 e4 32. Bf7+ Kg7 33. Rg4+ Kh8 34. Rxc5 Rxf7 35. Rc8+ Kh7 36. Rh4+ Kg7 37. Rxe4 Rdf2 38. Rc3 R7f6 39. Rg4+ Kh7 40. Rh4+ Kg7 41. Rg4+ Kh7 42. Kh4 Rh6+ 43. Kg3 Rhf6 44. Rh4+ Kg7 45. Kh3 Kg8 46. Rg3+ Kf8 47. Rh8+ Ke7 48. Rc8 Kd7 49. Rcc3 Rh6+ 1-0

[Event "Confrontation I 1988-89"]
[Site "Longueuil CAN"]
[Date "1988.10.07"]
[Round "4"]
[White "Poitras, Luc"]
[Black "Morin, Louis"]
[Result "1-0"]
[WhiteElo "1920"]
[BlackElo "2016"]
[PlyCount "197"]
[GameId "2160767912520328"]
[EventDate "1988.09.16"]
[EventType "swiss"]
[EventRounds "5"]
[EventCountry "CAN"]
[SourceTitle "hb 2013"]

1. e4 e5 2. d4 exd4 3. Nf3 d5 4. exd5 Qxd5 5. Qxd4 Qxd4 6. Nxd4 Nf6 7. Bc4 Be7 8. Nb5 Na6 9. Bf4 Bf5 10. Nd4 Bg6 11. Bxa6 bxa6 12. O-O O-O 13. Nc6 Rfe8 14. Nxe7+ Rxe7 15. Na3 Re2 16. Rfe1 Rae8 17. Rxe2 Rxe2 18. Kf1 Re6 19. Rd1 h6 20. Bxc7 Bxc2 21. Nxc2 Rc6 22. Be5 Rxc2 23. Rd8+ Kh7 24. Bxf6 gxf6 25. Rb8 Kg7 26. Rb7 a5 27. a4 a6 28. Rb6 Kg6 29. b3 Rb2 30. Rxa6 Rxb3 31. g3 Ra3 32. Rxa5 Ra2 33. Ra8 Kg7 34. a5 Kh7 35. a6 Kg7 36. Kg2 Ra3 37. h4 Kh7 38. a7 Kg7 39. Kf1 Ra2 40. Ke1 Kh7 41. Kd1 Kg7 42. Kc1 Kh7 43. Kb1 Ra4 44. Kb2 Kg7 45. Kb3 Ra1 46. f4 Ra6 47. Kb4 Ra2 48. Kc5 Ra1 49. Kd5 Ra5+ 50. Ke4 f5+ 51. Kd4 Ra4+ 52. Ke3 Ra3+ 53. Kf2 Ra2+ 54. Kf3 Kh7 55. h5 Kg7 56. Ke3 f6 57. Kd4 Ra5 58. Kc4 Ra1 59. Kd5 Ra6 60. Kc5 Ra1 61. Kd6 Ra6+ 62. Ke7 Ra1 63. Ke6 Ra6+ 64. Kxf5 Ra5+ 65. Ke6 Ra6+ 66. Ke7 Ra1 67. Rd8 Rxa7+ 68. Rd7 Ra3 69. Ke6+ Kg8 70. g4 Rg3 71. Kf5 Rg2 72. Rd6 Kg7 73. Rd7+ Kg8 74. Re7 Rg1 75. Ra7 Rg2 76. Kxf6 Rxg4 77. f5 Rf4 78. Kg6 Rg4+ 79. Kxh6 Rg1 80. Ra6 Kf7 81. Rg6 Rf1 82. Rg7+ Kf6 83. Rg8 Kf7 84. Rg5 Kf6 85. Rg6+ Kf7 86. Rg7+ Kf6 87. Kh7 Rxf5 88. h6 Rh5 89. Ra7 Rh1 90. Ra6+ Kf7 91. Ra2 Kf6 92. Rf2+ Kg5 93. Rg2+ Kf6 94. Rf2+ Kg5 95. Kg7 Rg1 96. h7 Kh4+ 97. Kf7 Kg3 98. Rf6 Rh1 99. Kg7 1-0

[Event "Confrontation I 1988-89"]
[Site "Longueuil CAN"]
[Date "1988.10.14"]
[Round "5"]
[White "Charest, Johanne"]
[Black "Hetu, Sylvain"]
[Result "0-1"]
[WhiteElo "1447"]
[BlackElo "1548"]
[PlyCount "72"]
[GameId "2160767912520329"]
[EventDate "1988.09.16"]
[EventType "swiss"]
[EventRounds "5"]
[EventCountry "CAN"]

1. e4 e6 2. d4 d5 3. e5 c5 4. c3 Nd7 5. Nf3 Ne7 6. Bd3 Qb6 7. O-O Nc6 8. Be2 h6 9. Qd3 Qc7 10. Be3 c4 11. Qd1 b5 12. Re1 a5 13. Nbd2 b4 14. Nf1 Nb6 15. Ng3 Bb7 16. h3 a4 17. Qd2 Kd7 18. Nf1 g5 19. Bd1 Be7 20. Ng3 a3 21. Qc1 axb2 22. Qxb2 bxc3 23. Qc2 Nb4 24. Qxc3 Nxa2 25. Qb2 Nb4 26. Bc2 Bc6 27. Bd2 Nxc2 28. Qxc2 Ba4 29. Qb2 Bb3 30. Bc3 Na4 31. Qc1 Rhb8 32. Nd2 Nxc3 33. Qxc3 Bb4 34. Qc1 Rxa1 35. Qxa1 Bxd2 36. Rf1 c3 0-1

[Event "Confrontation I 1988-89"]
[Site "Longueuil CAN"]
[Date "1988.10.14"]
[Round "5"]
[White "Morin, Louis"]
[Black "Letourneau, Jean"]
[Result "1/2-1/2"]
[WhiteElo "2016"]
[BlackElo "1685"]
[PlyCount "52"]
[GameId "2160767912520330"]
[EventDate "1988.09.16"]
[EventType "swiss"]
[EventRounds "5"]
[EventCountry "CAN"]
[SourceTitle "hb 2013"]

1. e4 c6 2. d4 d5 3. Nc3 dxe4 4. Nxe4 Bf5 5. Ng3 Bg6 6. Bc4 Nf6 7. N1e2 e6 8. Nf4 Bd6 9. h4 Qc7 10. Nxg6 hxg6 11. Qf3 Nbd7 12. Ne4 Nxe4 13. Qxe4 O-O-O 14. Bd2 Nf6 15. Qf3 e5 16. dxe5 Bxe5 17. O-O-O Rd4 18. Qb3 Ne4 19. Be3 Nc5 20. Qa3 Rxc4 21. Bxc5 Bxb2+ 22. Qxb2 Rxc5 23. g3 Qe5 24. Rhe1 Qxb2+ 25. Kxb2 Rd8 26. Rxd8+ Kxd8 1/2-1/2

[Event "Confrontation II 1988-89"]
[Site "Longueuil CAN"]
[Date "1988.10.28"]
[Round "1"]
[White "Morin, Louis"]
[Black "Arsenault, Nicolas"]
[Result "1-0"]
[WhiteElo "1950"]
[BlackElo "1880"]
[PlyCount "49"]
[GameId "2160767912520231"]
[EventDate "1988.10.28"]
[EventType "swiss"]
[EventRounds "5"]
[EventCountry "CAN"]
[SourceTitle "hb 2013"]

1. e4 c5 2. d4 cxd4 3. c3 dxc3 4. Nxc3 Nc6 5. Nf3 d6 6. Bc4 Nf6 7. e5 dxe5 8. Qxd8+ Nxd8 9. Nb5 Nc6 10. Nc7+ Kd8 11. Nxa8 e6 12. O-O Bc5 13. Be3 Bxe3 14. fxe3 Bd7 15. b4 Kc8 16. b5 Na5 17. Nxe5 Kb8 18. Nxd7+ Nxd7 19. Rxf7 Nxc4 20. Rxd7 Kxa8 21. Rad1 Kb8 22. Rxg7 Nxe3 23. Rdd7 Rf8 24. Rxb7+ Kc8 25. Rbf7 1-0